000
00228 a2200097 4500
001
46983
100
_a
Lilienthal D
245
_a
Change Hope and the Bomb
260
_a
London
_b
Princeton New Jersey
_c
090
_c
30052
_d
30052
942
_a
NUST-CAE
_c
M
_c
22284
999
_c
282056
_d
282056